000
00339nam a22001457a 4500
008
221020b ||||| |||| 00| 0 eng d
020
_a
9781455770601
041
_a
eng
080
_2
6TH EDITION
_a
610.73
082
_a
610.73 GRO
100
_a
9
101
_a
INF
245
_a
UNDERSTANDING NURSING RESEARCH
_c
GROVE S
942
_2
udc
_c
BK
999
_c
58624
_d
58624